Statistics for Fish found in tasmania

Click here to take the quiz!

General Stats

  • This quiz has been taken 11 times
  • The average score is 4 of 7

Answer Stats

Answer% Correct
Eel
100%
Bream
57%
Brook Trout
57%
Brown Trout
57%
Perch
57%
Rainbow Trout
57%
Atlantic Salmon
43%

Score Distribution

Percentile by Number Answered

Percent of People with Each Score

Your Score History

You have not taken this quiz